Phineas and Ferb Characters - Statistics

General Stats
  • This quiz has been taken 545 times
    110 since last reset
  • The average score is 29 of 104
Answer Stats
Picture Answer % Correct
2nd Dimension Ferb Fletcher
100%
2nd Dimension Phineas Flynn
100%
Ferb Fletcher
100%
Phineas Flynn
100%
Perry the Platyborg
98%
Perry the Platypus
98%
2nd Dimension Heinz Doofenshmirtz
94%
Heinz Doofenshmirtz
93%
2nd Dimension Candace Flynn
92%
Candace Flynn
92%
2nd Dimension Isabella Garcia-Shapiro
87%
Isabella Garcia-Shapiro
87%
2nd Dimension Vanessa Doofenshmirtz
78%
Vanessa Doofenshmirtz
78%
2nd Dimension Baljeet Tjinder
74%
Baljeet Tjinder
74%
2nd Dimension Linda Flynn-Fletcher
70%
Linda Flynn-Fletcher
70%
Jeremy Johnson
68%
2nd Dimension Buford Van Stomm
65%
Buford Van Stomm
65%
Stacy Hirano
54%
2nd Dimension Lawrence Fletcher
52%
Lawrence Fletcher
52%
Carl Karl
51%
2nd Dimension Francis Monogram
47%
Francis Monogram
47%
Balloony
46%
Norm
44%
Norm Bots
44%
Love Händel
33%
Roger Doofenshmirtz
27%
Pinky the Chihuahua
26%
Planty the Potted Plant
26%
Ducky Momo
25%
Clyde Flynn & Betty Jo Flynn
24%
Pinky the Chihuahuaborg
24%
Reginald Fletcher & Winifred Fletcher
24%
Meap
23%
Giant Floating Baby Head
22%
Peter the Panda
22%
Suzy Johnson
21%
Peter the Pandaborg
20%
Mr. & Mrs. Doofenshmirtz
17%
Vivian Garcia-Shapiro
17%
Irving Du Bois
16%
Jenny Brown
15%
Thaddeus & Thor
15%
2nd Dimension Charlene Doofenshmirtz
14%
Charlene Doofenshmirtz
14%
Gretchen
14%
Harry the Hyena
13%
Mitch
12%
Ginger Hirano
11%
Karen the Cat
11%
Mrs. Johnson
11%
Dennis the Rabbit
10%
Maggie the Macaw
10%
Slash
10%
Beatrice
8%
Django Brown
8%
Klimpaloon
8%
Xavier & Fred Johnson
8%
Monty Monogram
7%
Amanda Johnson
6%
Dr. Diminutive
6%
Eliza M. Feyersied
6%
Johnny
6%
Katie
6%
Esmeralda Poofenplotz
5%
Farmer & Farmer's Wife
5%
Holly
5%
Mama
5%
Milly
5%
Adyson Sweetwater
4%
Aloyse von Roddenstein
4%
Coltrane
4%
Dr. Hirano
4%
Melissa
4%
Mishti Patel
4%
Nana Shapiro
4%
Paul the Delivery Guy
4%
Albert Du Bois
3%
Bowling for Soup
3%
Hildegard Johnson
3%
Lyla Lolliberry
3%
Professor Bannister
3%
Professor Mystery
3%
Rodrigo
3%
Khaka Peü Peü
2%
Nosey
2%
Super Super Big Doctor
2%
Wanda Acronym
2%
Borthos
1%
Building Engineer
1%
Don the Tour Guide
1%
Drill Sergeant
1%
Goozim
1%
Lacie
1%
Mandy
1%
Mosley Shamai
1%
Rover
1%
Vending Machine Prime
1%
Vlorkel
1%
No matching quizzes found
Score Distribution
Percent of People with Each Score
Percentile by Number Answered
Your Score History
You have not taken this quiz since the last reset